Matematika i mechanika

Salvato in:
Dettagli Bibliografici
Autore principale: Kolmogorov, Andrej Nikolajevič (Autore)
Natura: Libro
Lingua:russo
Pubblicazione: Moskva : Nauka, 1985
Tags: Aggiungi Tag
Nessun Tag, puoi essere il primo ad aggiungerne!!

MARC

LEADER 00000nam a22000003a 4500
001 stu124226
005 20150617225900.7
008 060727s1985----xxr-----------------rus-d
040 |a STU  |b slo 
041 0 |a rus 
044 |a xxr 
080 |a 51  |7 stu_us_auth*stu8333 
100 1 |a Kolmogorov, Andrej Nikolajevič  |4 aut 
245 1 |a Matematika i mechanika 
260 |a Moskva :  |b Nauka,  |c 1985 
996 |b E57407  |c E*57407  |l EE03  |s P  |a 0  |w stu124226_0001